000 00260nam a2200121Ia 4500
008 170620s9999 xx 000 0 und d
020 _a8175560918
100 _aDIWAN PARAG
245 0 _aBUSINESS COMMUNICATION
260 _bU.B.S
260 _c2006
300 _a144
546 _aENGLISH
999 _c29816
_d29816